000 00971cam a22002174a 4500
005 20250605164002.0
008 250528s ||||||||||||||||||||||||d
035 _a15677
020 _a273037773
040 _aGR-AtMCL
_bgre
_dGR-AtMCL
_eAACR2
245 1 _aEconomics / A Student's Guide
250 _a3rd
260 _bPitman Publishing,
_c1992
300 _a754
520 _aThe text covers the entire framework of economics in a single volume and presupposes no previous knowledge. Preface, Acknowledgements, Introduction, Economics and the Economy: An Overview, The Microeconomic System, Markets and Prices, The Theory of Distribution, The Market Assessed: Welfare Economics, Macroeconomics, The Determination of National Income, Monetary Theory and Practice, International Economics, Problems and Policies, Selected Bibliography, Index.
700 1 _aBeardshaw John
_91646
700 1 _aRoss Andy
_91647
942 _cBK
999 _c1239
_d1239